<?xml version="1.0" encoding="UTF-8"?>
<collection xmlns="http://www.loc.gov/MARC21/slim">
 <record>
  <leader>09614nam a22004097a 4500</leader>
  <controlfield tag="001">kal6032</controlfield>
  <controlfield tag="003">Gr-AtHEAL</controlfield>
  <controlfield tag="005">20160515214306.0</controlfield>
  <controlfield tag="008">160513b        gr ||||| |||| 00| 0 eng|c</controlfield>
  <datafield tag="020" ind1=" " ind2=" ">
   <subfield code="a">9789606033803</subfield>
  </datafield>
  <datafield tag="040" ind1=" " ind2=" ">
   <subfield code="a">GR-AtHEAL</subfield>
   <subfield code="b">gre</subfield>
   <subfield code="c">GR-AtHEAL</subfield>
  </datafield>
  <datafield tag="082" ind1="0" ind2="4">
   <subfield code="a">658</subfield>
   <subfield code="2">23</subfield>
  </datafield>
  <datafield tag="100" ind1="1" ind2=" ">
   <subfield code="a">Καλογήρου, Γιάννης.</subfield>
   <subfield code="8">2878</subfield>
  </datafield>
  <datafield tag="245" ind1="1" ind2="0">
   <subfield code="a">Οργάνωση και διοίκηση επιχειρήσεων για μηχανικούς</subfield>
   <subfield code="h">[Ηλεκτρονικός πόρος] </subfield>
   <subfield code="c">Καλογήρου, Γιάννης, Τσακανικας, Άγγελος, Σιώκας, Ευάγγελος, Παναγιωτόπουλος, Παναγιώτης, Πρωτόγερου, Αιμιλία, Μαυρωτας, Γεώργιος ;  Κριτικός αναγνώστης, Θωμάκος, Δημήτριος.</subfield>
  </datafield>
  <datafield tag="260" ind1=" " ind2=" ">
   <subfield code="a">Αθήνα :</subfield>
   <subfield code="b">Σύνδεσμος Ελληνικών Ακαδημαϊκών Βιβλιοθηκών,</subfield>
   <subfield code="c">c2015.</subfield>
  </datafield>
  <datafield tag="490" ind1=" " ind2=" ">
   <subfield code="a">Ακαδημαϊκά Ηλεκτρονικά Συγγράμματα και Βοηθήματα Κάλλιπος </subfield>
   <subfield code="8">40</subfield>
  </datafield>
  <datafield tag="505" ind1=" " ind2=" ">
   <subfield code="a">1. Εισαγωγή 2. Το εγχώριο παραγωγικό σύστημα: Διάρθρωση και δυναμική 3. Διαφορετικές θεωρήσεις της επιχείρησης: Από τη συνάρτηση παραγωγής στη διαχείριση πόρων και ικανοτήτων. 4. Η κατανόηση της λειτουργίας και της συμπεριφοράς των οργανώσεων 5. Η σύγχρονη διοίκηση 6. To περιβάλλον της επιχείρησης 7. Οι λειτουργίες της επιχείρησης 8. Η Χρηματοοικονομική λειτουργία της Επιχείρησης 9. Διαχείριση και ανάπτυξη καινοτομιών 10. Μεθοδολογία μελέτης περίπτωσης (case study) για την ανάλυση μιας επιχείρησης 11. Παίγνιο Διοίκησης Επιχειρήσεων</subfield>
  </datafield>
  <datafield tag="520" ind1=" " ind2=" ">
   <subfield code="a">Το βιβλίο απευθύνεται καταρχάς στους φοιτητές των ελληνικών Πολυτεχνείων και Πολυτεχνικών Σχολών, και ευρύτερα σε όλους όσοι ενδιαφέρονται για τη λειτουργία, την οργάνωση, τη δραστηριότητα, τη διοίκηση, την εξέλιξη και την επίδοση (οικονομική, καινοτομική, αναπτυξιακή κ.ά.) της επιχείρησης. Η μελέτη της επιχείρησης ως ενός ζωντανού οργανισμού είναι ιδιαίτερα σημαντική, δεδομένου ότι αυτή αποτελεί τη βασική οργανωτική μονάδα του παραγωγικού συστήματος μιας οικονομίας, και είναι ένας σημαντικός χώρος επαγγελματικής απασχόλησης και ανάληψης πρωτοβουλιών για τους αποφοίτους - διαφόρων ειδικοτήτων - των ιδρυμάτων της τριτοβάθμιας εκπαίδευσης.Στο εισαγωγικό κεφάλαιο αναπτύσσεται η συνολική προβληματική του βιβλίου και αναδεικνύεται η νοηματική συσχέτιση των εξεταζόμενων θεμάτων. Επίσης, εξηγείται γιατί αυτά τα θέματα εντάσσονται στον πυρήνα του γνωστικού υποβάθρου του σύγχρονου μηχανικού. Αναδεικνύεται και τεκμηριώνεται, δηλαδή, η χρησιμότητα αυτού του βιβλίου για τον μηχανικό και η συνθετική - αν και αναγκαστικά αφαιρετική - διάστασή του. Στο 2ο Κεφάλαιο ορίζεται το πλαίσιο αναφοράς, εστιάζοντας στη διάρθρωση και τη δυναμική του εγχώριου παραγωγικού/επιχειρηματικού συστήματος. Αποδίδονται, δηλαδή, τα βασικά χαρακτηριστικά των υφιστάμενων επιχειρήσεων της χώρας αλλά και των νέων επιχειρήσεων, οι κλάδοι οι οποίοι κυριαρχούν σε αυτό, καθώς και επιμέρους ποιοτικά χαρακτηριστικά, ενώ αναλύονται και οι πολιτικές για την επιχειρηματικότητα που έχουν εφαρμοστεί στην Ελλάδα. Στο 3ο Κεφάλαιο εξετάζονται οι διαφορετικές θεωρήσεις της επιχείρησης, από τη νεοκλασική προσέγγιση της επιχείρησης ως συνάρτησης παραγωγής έως την εξελικτική προσέγγιση της επιχείρησης ως ενός συνόλου πόρων και ικανοτήτων. Ακολουθούν η κατανόηση της λειτουργίας και της συμπεριφοράς των οργανώσεων και της επιχείρησης ως οικονομικού οργανισμού (Κεφάλαιο 4), και η σύγχρονη διοίκηση (μάνατζμεντ) (Κεφάλαιο 5). Στη συνέχεια, εξετάζονται το περιβάλλον της επιχείρησης (Κεφάλαιο 6), οι λειτουργίες της επιχείρησης (παραγωγή, έρευνα και ανάπτυξη, μάρκετινγκ/πωλήσεις, διοίκηση ανθρωπίνου δυναμικού) (Κεφάλαιο 7), και αναλύονται τα θεμελιώδη σημεία της χρηματοδοτικής λειτουργίας της επιχείρησης και ο τρόπος που αποτιμά την επίδοσή της με βάση τις οικονομικές της καταστάσεις (Κεφάλαιο 8). Ακολουθεί ένα ιδιαίτερα εκτενές κεφάλαιο για τη διαχείριση και την ανάπτυξη καινοτομιών (Κεφάλαιο 9). Το βιβλίο δίνει ιδιαίτερη έμφαση στη γνώση και τη διαχείριση και ανάπτυξη καινοτομιών, καθώς η συγκεκριμένη λειτουργία αποτελεί πια αναγνωρισμένο πεδίο δραστηριότητας, διαχείρισης και στρατηγικής της σύγχρονης επιχείρησης προκειμένου να επιβιώσει, να μεγαλώσει και να σταθεί με επιτυχία στον διεθνή ανταγωνισμό. Επιπροσθέτως, ο μηχανικός καλείται να αναλάβει έναν πρωταγωνιστικό ρόλο στον σχεδιασμό και την προώθηση καινοτομιών σε όλες τους τις μορφές (καινοτομία προϊόντος, διεργασίας, οργάνωσης και μάρκετινγκ) και τις διαστάσεις. Τα δύο τελευταία κεφάλαια, το 10ο και το 11ο, αναφέρονται στην ανάπτυξη της μεθοδολογίας για την περιγραφή και ανάλυση μιας επιχείρησης (Κεφάλαιο 10), και για τη συμμετοχή στο Παίγνιο της Διοίκησης μιας Επιχείρησης (Business Game), το οποίο συνιστά ουσιαστικά μια προσομοίωση των λειτουργιών της επιχείρησης και των αντίστοιχων επιχειρηματικών αποφάσεων (Κεφάλαιο 11). Το βιβλίο περιέχει αρκετά πρακτικά παραδείγματα, ενώ ε{u03BC...</subfield>
  </datafield>
  <datafield tag="650" ind1=" " ind2=" ">
   <subfield code="a">Engineering</subfield>
   <subfield code="x">Management</subfield>
   <subfield code="8">2960</subfield>
  </datafield>
  <datafield tag="653" ind1=" " ind2=" ">
   <subfield code="a">Oργάνωση και διοίκηση επιχειρήσεων</subfield>
  </datafield>
  <datafield tag="653" ind1=" " ind2=" ">
   <subfield code="a">Ανάλυση της επιχείρησης</subfield>
  </datafield>
  <datafield tag="653" ind1=" " ind2=" ">
   <subfield code="a">Χρηματοοικονομική λειτουργία</subfield>
  </datafield>
  <datafield tag="653" ind1=" " ind2=" ">
   <subfield code="a">Επιχειρηματικό παίγνιο</subfield>
  </datafield>
  <datafield tag="653" ind1=" " ind2=" ">
   <subfield code="a">Λειτουργίες της επιχείρησης</subfield>
  </datafield>
  <datafield tag="653" ind1=" " ind2=" ">
   <subfield code="a">Διαχείριση καινοτομίας</subfield>
  </datafield>
  <datafield tag="653" ind1=" " ind2=" ">
   <subfield code="a">Θεωρήσεις της επιχείρησης</subfield>
  </datafield>
  <datafield tag="700" ind1=" " ind2=" ">
   <subfield code="a">Τσακανικας, Άγγελος</subfield>
   <subfield code="e">Συγγραφέας</subfield>
   <subfield code="8">2879</subfield>
  </datafield>
  <datafield tag="700" ind1=" " ind2=" ">
   <subfield code="a">Σιώκας, Ευάγγελος</subfield>
   <subfield code="e">Συγγραφέας</subfield>
   <subfield code="8">2880</subfield>
  </datafield>
  <datafield tag="700" ind1=" " ind2=" ">
   <subfield code="a">Παναγιωτόπουλος, Παναγιώτης</subfield>
   <subfield code="e">Συγγραφέας</subfield>
   <subfield code="8">2881</subfield>
  </datafield>
  <datafield tag="700" ind1=" " ind2=" ">
   <subfield code="a">Πρωτόγερου, Αιμιλία</subfield>
   <subfield code="e">Συγγραφέας</subfield>
   <subfield code="8">2882</subfield>
  </datafield>
  <datafield tag="700" ind1=" " ind2=" ">
   <subfield code="a">Μαυρωτας, Γεώργιος</subfield>
   <subfield code="e">Συγγραφέας</subfield>
   <subfield code="8">2883</subfield>
  </datafield>
  <datafield tag="700" ind1=" " ind2=" ">
   <subfield code="a">Θωμάκος, Δημήτριος</subfield>
   <subfield code="e">Κριτικός αναγνώστης</subfield>
   <subfield code="8">2884</subfield>
  </datafield>
  <datafield tag="856" ind1=" " ind2=" ">
   <subfield code="u">http://hdl.handle.net/11419/6032</subfield>
   <subfield code="z">Πλήρες Κείμενο - Full text</subfield>
  </datafield>
  <datafield tag="907" ind1=" " ind2=" ">
   <subfield code="a">.b25681679</subfield>
   <subfield code="b">25-06-18</subfield>
   <subfield code="c">29-07-16</subfield>
  </datafield>
  <datafield tag="949" ind1=" " ind2=" ">
   <subfield code="0">0</subfield>
   <subfield code="1">0</subfield>
   <subfield code="2">ddc</subfield>
   <subfield code="4">0</subfield>
   <subfield code="6">658_000000000000000_ΚΑΛ</subfield>
   <subfield code="7">0</subfield>
   <subfield code="8">KALL</subfield>
   <subfield code="8">932</subfield>
   <subfield code="d">2016-05-15</subfield>
   <subfield code="r">2016-05-15</subfield>
   <subfield code="w">2016-05-15</subfield>
   <subfield code="z">658 ΚΑΛ</subfield>
   <subfield code="o">SEAB KALLIPOS</subfield>
  </datafield>
  <datafield tag="998" ind1=" " ind2=" ">
   <subfield code="a">80</subfield>
   <subfield code="a">01</subfield>
   <subfield code="a">02</subfield>
   <subfield code="a">03</subfield>
   <subfield code="a">04</subfield>
   <subfield code="a">05</subfield>
   <subfield code="a">06</subfield>
   <subfield code="a">07</subfield>
   <subfield code="a">08</subfield>
   <subfield code="a">09</subfield>
   <subfield code="a">10</subfield>
   <subfield code="a">11</subfield>
   <subfield code="a">12</subfield>
   <subfield code="a">13</subfield>
   <subfield code="a">14</subfield>
   <subfield code="a">15</subfield>
   <subfield code="a">16</subfield>
   <subfield code="a">17</subfield>
   <subfield code="a">18</subfield>
   <subfield code="a">19</subfield>
   <subfield code="a">20</subfield>
   <subfield code="a">21</subfield>
   <subfield code="a">22</subfield>
   <subfield code="a">23</subfield>
   <subfield code="a">24</subfield>
   <subfield code="a">25</subfield>
   <subfield code="a">26</subfield>
   <subfield code="b">29-05-17</subfield>
   <subfield code="c">m</subfield>
   <subfield code="d">z  </subfield>
   <subfield code="e">-</subfield>
   <subfield code="f">gre</subfield>
   <subfield code="g">gr </subfield>
   <subfield code="h">0</subfield>
  </datafield>
  <datafield tag="942" ind1=" " ind2=" ">
   <subfield code="2">ddc</subfield>
   <subfield code="c">KALLIPOS</subfield>
  </datafield>
 </record>
</collection>
